000 00383 a2200169 4500
001 14794
020 _a9788526216839
040 _cAnchieta - Aquarius
100 _aCarr, Stella
240 1 0 _aQuem tem medo fica de fora!
_lpor
245 1 0 _aQuem tem medo fica de fora!
300 _a55
362 0 _a2006
440 1 _aScipione
650 4 _aLiteratura brasileira
942 _cBK
999 _c14794
_d14794